| 000 | 00774nam a2200265 i 4500 | ||
|---|---|---|---|
| 001 | 47491 | ||
| 003 | ES-MaACL | ||
| 005 | 20230906161555.0 | ||
| 007 | t| | ||
| 008 | 030429s1996 sp ||||0| spa j | ||
| 020 | _a84-7423-730-0 | ||
| 040 |
_aM-BN _bspa _cM-BN |
||
| 080 | _a572.1/.4 | ||
| 100 | 1 |
_aKuper, Adam. _969045 |
|
| 245 | 1 | 3 |
_aEl primate elegido _b: naturaleza humana y diversidad cultural / _cAdam Kuper ; traducción castellana de Oriol Canals. |
| 260 |
_aBarcelona : _bCrÃtica, _c[1996] |
||
| 300 |
_a260 p. ; _c24 cm. |
||
| 490 | 1 | _aDrakontos | |
| 650 | 1 | 4 |
_aHombre- _xOrigen. _913452 |
| 700 | 1 |
_aCanals, Oriol. _934408 |
|
| 830 | 0 |
_aDrakontos _9179166 |
|
| 852 |
_aES-MaACL _jL-26274 _bR.131145 |
||
| 999 |
_c47491 _d47491 |
||